000 01542ngm a2200385 a 4500
005 20210727153404.0
008 161108s9999 ck g 000 0 s
020 _a9789587470499
082 _a791.4375
_bD32
245 _a10 películas que hay que ver
_hvideodisco digital
250 _a1a. ediciòn
300 _a6 DVD (130 minutos cada uno)
_bsonido, color, digital
_c12 cm + 1 folleto
490 _aCine club películas para coleccionistas
500 _aPelículas en inglés con subtítulos en español
505 _aDVD1. Caballero sin espada -- DVD 2. Fuego de juventud -- DVD 3. Conozcan a Juan Nadie. Scarface = cara cortada -- DVD 4. Rififí . Argel -- DVD 5. Al este del Edén . Rebelde sin causa -- DVD 6. Los miserables. Ocaso de una estrella
650 1 4 _2LEMB
_aPeliculas cinematogràficas
_vVideodiscos
_xColecciones
_ySiglo XX
650 1 4 _2LEMB
_aPelìculas dramàticas
_vVideodiscos
_ySiglo XX
650 1 4 _2LEMB
_aPeliculas policìacas
_vVideodiscos
_ySiglo XX
740 0 2 _aRebelde sin causa
740 0 2 _aAl este del Edén
740 0 2 _aArgel
740 0 2 _aRififí
740 0 2 _aScareface: (cara cortada)
740 0 2 _aConozcan a Juan nadie
740 0 2 _aFuego de juventud
740 0 2 _aCaballero sin espada
740 0 2 _aLos miserables
740 0 2 _aOcaso de una estrella
942 _2ddc
_cDVD
264 _aBogotá
_bEjd movies
336 _atexto
_btxt
_2rdacontent
337 _asin mediación
_bn
_2rdamedia
338 _avolumen
_bnc
_2rdacarrier
040 _aCO-BoRNBP
_bspa
_erda
_cCO-BoRNBP
999 _c7167
_d7167